000 00588nam a2200193Ia 4500
008 131103s9999 xx 000 0 und d
020 _a8185589054
_cRs. 695
040 _aLoreto College
041 _aEnglish
082 _a574.5/SUB
_bLCLIB/42858
100 _aSubramanian, V.
245 _aEnvironmental Hazards in South Asia
_cV. Subramanian
260 _aNew Delhi
_bCapital Publishing Company
_c2002
300 _aviii,296p, illus 24.5 cm.
504 _aIncludes bibliographical references and index
650 _aEnvironment
651 _aEnvironmental Hazards
942 _cBK
999 _c2435
_d52914